000 00453nam a2200181Ia 4500
003 GCL
008 140319s9999 xx 000 0 eng d
040 _aGCL /
_cGCL
082 0 4 _a418.007
_bR L
100 1 _aROST, MICHAEL
245 1 0 _aLISTENING IN LANGUAGE LEARNING /
_cROST, MICHAEL
260 _a[S.N] :
_bLONGMAN ،
_c1990
300 _a271 P
650 0 4 _aSTUDY AND TEACHING
650 0 4 _aLISTENING
650 0 4 _aLANGUAGES
942 _2ddc
_cBK
999 _c18101
_d18101